000 00202 a2200097 4500
001 738
100 _aJasik,H
245 _aAutenna engineering handbook
260 _a
_bMcgrawhill
_c
090 _c334
_d334
942 _aNUST-CAE
_cM
_c26002
999 _c235811
_d235811